Α. Τάσσος
Αποθηκεύτηκε σε:
| Συγγραφή απο Οργανισμό/Αρχή: | |
|---|---|
| Μορφή: | Βιβλίο |
| Γλώσσα: | Greek |
| Δημοσίευση: |
Αθήνα :
Υπουργείο Πολιτισμού,
1987
|
| Θέματα: | |
| Ετικέτες: |
Προσθήκη ετικέτας
Δεν υπάρχουν, Καταχωρήστε ετικέτα πρώτοι!
|
MARC
| LEADER | 00000nam a2200000 i 4500 | ||
|---|---|---|---|
| 001 | 1/102934 | ||
| 008 | 950511s1987 gre d | ||
| 035 | |l 10012697 | ||
| 040 | |a GR-MY-UA |b gre |e aacr | ||
| 041 | 0 | |a gre | |
| 082 | 0 | |a 767.2 | |
| 110 | 2 | |a Εθνική Πινακοθήκη - Μουσείο Αλεξάνδρου Σούτζου. | |
| 245 | 1 | 0 | |a Α. Τάσσος / |c Εθνική Πινακοθήκη και Μουσείο Αλεξάνδρου Σούτσου |
| 260 | |a Αθήνα : |b Υπουργείο Πολιτισμού, |c 1987 | ||
| 300 | |a 340 σ. | ||
| 600 | 1 | 0 | |a Τάσσος, Αλεβίζος, |d 1914-1985. |
| 650 | 0 | 0 | |a Etchers |z Greece. |
| 650 | 0 | 0 | |a Etching |x Private collections. |
| 852 | |a INST |b LESVOS |e 19950511 |h 767.2 ΤΑΣ |p 005100000980 |q 005100000980 |t BK |y 0 | ||
| 909 | |a Λ |b 022922 | ||
| 922 | |a 1ΔΩΡ |b 199203 | ||